logo

Bir Sreshtho Munshi Abdur Rouf Library
Jhenaidah Cadet College

Java : (Record no. 11452)

MARC details
000 -LEADER
fixed length control field 00694nam a2200241 a 4500
001 - CONTROL NUMBER
JCCL Control Number 11452
003 - CONTROL NUMBER IDENTIFIER
JCCL marc code BD-JhCC
005 - DATE AND TIME OF LATEST TRANSACTION
control field 20190922112445.0
008 - FIXED-LENGTH DATA ELEMENTS--GENERAL INFORMATION
fixed length control field 190619s2011 cau 001 0 eng d
020 ## - INTERNATIONAL STANDARD BOOK NUMBER
International Standard Book Number 9781259002465
020 ## - INTERNATIONAL STANDARD BOOK NUMBER
International Standard Book Number 1259002462
035 ## - SYSTEM CONTROL NUMBER
system control number (BD-JhCC)11452
040 ## - CATALOGING SOURCE
Original cataloging agency CoFHP
Transcribing agency DLC
Modifying agency MYG
-- BD-JhCC
041 ## - LANGUAGE CODE
Language code of Book eng
082 00 - DEWEY DECIMAL CLASSIFICATION NUMBER
Classification number 005.13/3
DDC Edition number 21
Author mark and Year SCH 2011
100 1# - MAIN ENTRY--PERSONAL NAME
Personal name Schildt, Herbert.
245 10 - TITLE STATEMENT
Title Java :
Remainder of title the complete reference /
Statement of responsibility, etc Herbert Schildt
260 ## - PUBLICATION, DISTRIBUTION, ETC. (IMPRINT)
Place of publication, distribution, etc New Delhi,
-- Canada,
-- New York :
Name of publisher, distributor, etc Osborne McGraw-Hill,
Date of publication, distribution, etc c2011.
300 ## - PHYSICAL DESCRIPTION
Pagination xxx, 1116 p. ;
Dimensions 22 cm.
Other physical details ill. ;
500 ## - GENERAL NOTE
General note Includes index.
650 #0 - SUBJECT ADDED ENTRY--TOPICAL TERM
Topical term or geographic name as entry element Java (Computer program language)
942 ## - ADDED ENTRY ELEMENTS (KOHA)
Source of classification or shelving scheme Dewey Decimal Classification
Koha item type Books
Holdings
Source of classification or shelving scheme Damaged status Not for loan Home library Current library Shelving location Date of accession Cost, normal purchase price Total Checkouts Full call number Barcode Date last seen Date checked out Copy number Koha item type
Dewey Decimal Classification     JCC Rouf Library JCC Rouf Library General Stacks 06/01/2019 1155.00 1 005.13/3 SCH 2011 15126 04/18/2024 02/26/2024 C-1 Books

JCC Library | Contacts | JCC Home

Last Update on 23 September 2017
Copyright @ 2017-2020 JCC Rouf Library
Rouf Library, Jhenidah Cadet College (JCC), Bangladesh